[Event "LSS OP-2006-0-00060"]
[Site "LSS email"]
[Date "2006.06.06"]
[Round "?"]
[White "Buczinski, Henryk"]
[Black "Murphy, Justin"]
[Result "1-0"]
[WhiteElo "2184"]
[BlackElo "913"]
[PlyCount "25"]
[EventDate "2006.06.05"]
[EventType "tourn (corr)"]
[EventRounds "4"]
[EventCountry "GER"]
[SourceTitle "Corr 2015"]
[Source "ChessBase"]
[SourceDate "2015.07.17"]
[SourceVersion "1"]
[SourceVersionDate "2015.07.17"]
[SourceQuality "1"]

1. e4 e5 2. Nf3 d6 3. d4 Bg4 4. dxe5 Bxf3 5. Qxf3 dxe5 6. Bc4 Qf6 7. Qb3 b6 8. Nc3 c6 9. Nd5 cxd5 10. Bb5+ Nc6 11. Bg5 Qd6 12. exd5 Nge7 13. 0-0-0 1-0

[Event "CFriend SL-2005-0-00034 email"]
[Site "Chessfriend.com"]
[Date "2005.10.13"]
[Round "1"]
[White "Gonzalez Beltran, Javier"]
[Black "Murphy, Justin"]
[Result "1-0"]
[WhiteElo "1500"]
[BlackElo "1100"]
[PlyCount "29"]
[EventDate "2005.??.??"]
[EventType "tourn (corr)"]
[EventRounds "12"]
[SourceTitle "Corr 2024"]
[Source "ChessBase"]
[SourceDate "2023.10.19"]
[SourceVersion "1"]
[SourceVersionDate "2023.10.19"]
[SourceQuality "1"]

1. e4 d6 2. d4 e5 3. Nf3 Bg4 4. dxe5 Bxf3 5. Qxf3 dxe5 6. Bc4 Nf6 7. Qb3 Bc5 8. Bxf7+ Kf8 9. Nc3 b6 10. Be3 Bxe3 11. fxe3 Qe7 12. Bc4 c6 13. Nd5 cxd5 14. Bxd5 Nxd5 15. Qxd5 1-0

[Event "CFriend SL-2005-0-00034 email"]
[Site "Chessfriend.com"]
[Date "2005.10.13"]
[Round "1"]
[White "Murphy, Justin"]
[Black "Nemeth, Laszlo"]
[Result "0-1"]
[WhiteElo "1100"]
[BlackElo "1295"]
[PlyCount "32"]
[EventDate "2005.??.??"]
[EventType "tourn (corr)"]
[EventRounds "12"]
[SourceTitle "Corr 2008"]
[Source "ChessBase"]
[SourceDate "2008.06.24"]
[SourceVersion "1"]
[SourceVersionDate "2008.06.24"]
[SourceQuality "1"]

1. c4 g6 2. e4 Bg7 3. Nf3 e5 4. Nc3 Nc6 5. a4 Nge7 6. b3 0-0 7. Ba3 d6 8. h3 Nd4 9. b4 f5 10. Bd3 fxe4 11. Bxe4 Be6 12. Bxb7 Bxc4 13. Bxa8 Qxa8 14. d3 Bb3 15. Qd2 Nc2+ 16. Ke2 e4 0-1

[Event "CFriend RL-2005-0-00039 email"]
[Site "Chessfriend.com"]
[Date "2005.10.13"]
[Round "1"]
[White "Schalkwijk, Peter H"]
[Black "Murphy, Justin"]
[Result "1-0"]
[WhiteElo "1408"]
[BlackElo "1100"]
[PlyCount "77"]
[EventDate "2005.10.13"]
[EventType "tourn (corr)"]
[EventRounds "6"]
[SourceTitle "Corr 2008"]
[Source "ChessBase"]
[SourceDate "2008.06.24"]
[SourceVersion "1"]
[SourceVersionDate "2008.06.24"]
[SourceQuality "1"]

1. d4 e6 2. Nf3 Nf6 3. c4 Bb4+ 4. Bd2 a5 5. a3 Bxd2+ 6. Nbxd2 0-0 7. e4 d5 8. e5 Ne4 9. Bd3 Nxd2 10. Qxd2 dxc4 11. Bxc4 b6 12. Bd3 c5 13. 0-0 Bb7 14. dxc5 Ba6 15. Bxa6 Nxa6 16. Qxd8 Rfxd8 17. c6 Rac8 18. Rad1 h6 19. Rxd8+ Rxd8 20. Rc1 a4 21. Kf1 Rc8 22. Nd4 Nc5 23. Ke2 f6 24. f4 Kf7 25. h4 Rd8 26. c7 Rc8 27. Nb5 Ke7 28. exf6+ gxf6 29. g4 Kd7 30. g5 fxg5 31. fxg5 hxg5 32. hxg5 Rg8 33. Rd1+ Ke7 34. Na7 Ne4 35. Nc6+ Kf7 36. Nd8+ Ke7 37. c8Q Nc5 38. Qc7+ Ke8 39. Qf7# 1-0